[Event "RUS-ch sf1"]
[Site "Ivanovo"]
[Date "1982.02.??"]
[Round "?"]
[White "Shabanov, Yuri"]
[Black "Donchenko, Anatoly G"]
[Result "1-0"]
[WhiteElo "2395"]
[BlackElo "2395"]
[Annotator "Laios,S"]
[PlyCount "75"]
[EventDate "1982.02.??"]
[EventType "tourn"]
[EventRounds "15"]
[EventCountry "URS"]
[SourceTitle "EXT 2010"]
[Source "ChessBase"]
[SourceDate "2010.11.25"]
[SourceVersion "1"]
[SourceVersionDate "2010.11.25"]
[SourceQuality "1"]

1. e4 c5 2. Nf3 e6 3. d4 cxd4 4. Nxd4 Nf6 5. Nc3 d6 6. Be2 a6 7. O-O Qc7 8. a4
b6 9. f4 Nbd7 10. Bf3 Rb8 11. g4 h6 12. Qe2 g6 13. Be3 Bb7 14. Rad1 Be7 15. Qg2
Rc8 16. Rfe1 e5 17. Nde2 Kf8 18. g5 hxg5 19. fxg5 Nh5 20. Bg4 Rb8 21. Rf1 Kg7
22. Rf3 Nc5 23. Rdf1 Rbf8 24. Rh3 Nxe4 25. Nxe4 Qxc2 26. Bf3 Bc8 27. Rxh5 gxh5
28. Nf6 h4 29. Nh5+ Kg8 30. Nf6+ Kg7 31. Be4 Qxb2 32. g6 $1 $18 h3 (32... Bxf6
$2 33. gxf7+ Kxf7 34. Rxf6+ Ke8 35. Qg6+ Kd8 36. Rxd6+ Bd7 37. Rxd7+ Kxd7 38.
Qc6+ Ke7 39. Bg5+ Rf6 40. Qxf6+ Ke8 41. Bc6#) 33. Ne8+ $5 (33. Qg5 $1 {(/\34.
gxf7+ Kxf7 35.Bg6+)} Bf5 (33... Bd8 34. gxf7+ Kxf7 35. Ng8+ Bf5 (35... Ke8 36.
Bc6+ Bd7 37. Qg6+ Rf7 38. Qxf7#) 36. Qxf5+ Bf6 37. Qxf6+ Ke8 (37... Kxg8 38.
Qg6#) 38. Bc6#) 34. gxf7+ Kxf7 35. Bd5+ Be6 36. Ng8+ Bf6 37. Qxf6+ Kxg8 38.
Qg6#) 33... Rxe8 34. Rxf7+ Kg8 35. Bd5 Qb1+ 36. Nc1 Be6 37. Bxe6 hxg2 $2 (37...
Bd8 38. Re7+ Kf8 39. Qf3+ Qf5 40. Qxf5+ Kxe7 41. Bg5#) 38. Rh7+ 1-0

[Event "ARM-ch 72nd"]
[Site "Yerevan"]
[Date "2012.01.19"]
[Round "8"]
[White "Hovhannisyan, Robert"]
[Black "Grigoryan, Karen H"]
[Result "1-0"]
[WhiteElo "2589"]
[BlackElo "2482"]
[Annotator "Let's Check"]
[PlyCount "91"]
[EventDate "2012.01.11"]
[EventType "tourn"]
[EventRounds "11"]
[EventCountry "ARM"]
[EventCategory "13"]
[SourceTitle "CBM 147"]
[Source "ChessBase"]
[SourceDate "2012.03.16"]
[SourceVersion "1"]
[SourceVersionDate "2012.03.16"]
[SourceQuality "1"]

1. e4 c5 2. Nf3 d6 3. d4 cxd4 4. Nxd4 Nf6 5. Nc3 a6 6. Be3 e6 7. Be2 Qc7 8. a4
b6 9. f4 Bb7 10. Bf3 Nc6 11. O-O Be7 12. f5 e5 13. Nxc6 Qxc6 14. Nd5 Nxd5 15.
exd5 Qc4 16. b3 Qc7 17. Be4 Qc3 18. Qf3 Bd8 19. Kh1 O-O 20. Qe2 f6 21. Bd2 Qc7
22. Rf3 Rf7 23. Rc3 Qe7 24. Rh3 Rc8 25. Qh5 h6 26. Rg3 Kf8 27. Qe2 Qd7 28. Bb4
b5 29. axb5 axb5 30. Qf2 Kg8 31. h3 Qc7 32. Qd2 Kh8 33. Qe2 Qb6 $6 (33... Qd7
34. Qf2 Kg8 $14) 34. Kh2 Kg8 35. c3 Ra8 36. Rxa8 Bxa8 37. Qh5 Kf8 38. Qg6 Ke7
$2 (38... Qf2 39. Qh7 Ke7 $14) 39. Bf3 $18 Bc7 40. Qh7 (40. c4 Qb8 41. Bh5)
40... Qe3 41. Bh5 Qc1 42. Qg8 Bxd5 43. Bxf7 Bxf7 44. Qc8 Bd8 45. Bxd6+ $1 Kxd6
46. Rd3+ 1-0

[Event "Gibraltar Masters 10th"]
[Site "Caleta"]
[Date "2012.01.25"]
[Round "2"]
[White "Movsesian, Sergei"]
[Black "Al Sayed, Mohammed"]
[Result "1-0"]
[WhiteElo "2700"]
[BlackElo "2524"]
[Annotator "Let's Check"]
[PlyCount "129"]
[EventDate "2012.01.24"]
[EventType "swiss"]
[EventRounds "10"]
[EventCountry "GGB"]
[SourceTitle "CBM 147"]
[Source "ChessBase"]
[SourceDate "2012.03.16"]
[SourceVersion "1"]
[SourceVersionDate "2012.03.16"]
[SourceQuality "1"]

1. e4 c5 2. Nf3 d6 3. d4 cxd4 4. Nxd4 Nf6 5. Nc3 a6 6. Be2 Nbd7 7. Be3 e6 8. f4
b5 9. a4 b4 10. Nc6 Qc7 11. Nxb4 Bb7 12. Qd4 Be7 13. Bf3 O-O 14. Nba2 e5 15.
Qd2 Nc5 16. Bxc5 dxc5 17. O-O-O Rab8 18. Qe2 c4 19. fxe5 Nd7 20. e6 fxe6 21.
Bg4 Ne5 22. Rhf1 Bc8 23. Rxf8+ Bxf8 24. Rf1 Be7 25. Bh3 Bd7 26. Qe3 Kh8 27. Kb1
Qb7 28. Nd1 Bxa4 29. Bxe6 Bf6 30. Bd5 Qe7 31. Nac3 Be8 32. Qg3 Bg6 $6 (32...
Bh5 33. h3 Qb4 $11) 33. Bxc4 $1 $16 Qb4 34. Ba2 Bxe4 35. Rf4 Rd8 36. Bd5 $2 (
36. Qe3 Bxc2+ 37. Kxc2 $18) 36... Rxd5 $11 37. Nxd5 Qd2 38. Rxe4 $1 (38. Nxf6
$2) 38... Qxd1+ 39. Ka2 Qxd5+ 40. Qb3 Qd8 41. g4 g5 42. Qe6 Qa5+ 43. Kb3 Kg7
44. Ra4 Qc7 45. Rxa6 Nxg4 $1 46. h3 Qb7+ 47. Rb6 Qf3+ 48. Ka2 Ne5 49. c4 Nd3
50. Qd7+ Kg6 51. Rb7 g4 $2 (51... h6 52. Qf7+ Kf5 $11) 52. Qxh7+ $18 Kg5 53.
Qg8+ Kf4 54. Qxg4+ Qxg4 55. hxg4 Kxg4 56. b4 Kf5 57. Kb3 Ne5 58. Rb6 Bd8 59.
Rd6 Be7 60. Rd2 Nf3 61. Rd1 Ke4 62. c5 Ne5 63. Ka4 Nc6 64. b5 Ne5 65. c6 1-0

[Event "ROM-chT"]
[Site "Sovata"]
[Date "1999.04.16"]
[Round "3"]
[White "Pavlov, Mircea Sergiu"]
[Black "Suba, Mihai"]
[Result "1/2-1/2"]
[WhiteElo "2372"]
[BlackElo "2531"]
[Annotator "Marin,M"]
[PlyCount "49"]
[EventDate "1999.04.16"]
[EventType "team"]
[EventRounds "5"]
[EventCountry "ROU"]
[SourceTitle "EXT 2000"]
[Source "ChessBase"]
[SourceDate "1999.11.16"]
[SourceVersion "1"]
[SourceVersionDate "1999.11.16"]
[SourceQuality "1"]

1. e4 c5 2. Nf3 d6 3. d4 Nf6 4. Nc3 cxd4 5. Nxd4 e6 6. Be2 a6 7. O-O Qc7 8. a4
Be7 9. f4 O-O 10. Kh1 b6 11. Bf3 Bb7 12. f5 e5 13. Nde2 Nbd7 14. g4 h6 15. g5
hxg5 16. Bxg5 Rfe8 17. Rg1 d5 $6 (17... Bf8 $142 $15 18. Qd3 d5 $1) 18. Bh6 Bf8
$2 (18... dxe4 $1 19. Bxg7 $1 (19. Rxg7+ Kh8 20. Qg1 (20. Bg2 Bf8) 20... Rg8
$17) 19... exf3 20. Bxf6+ Kh7 21. Rg7+ Kh8 22. Rg8+ $1 $11) 19. Rxg7+ Bxg7 $8 (
19... Kh8 20. Qg1 dxe4 21. Rxf7 {(/\Bg7)} Bxh6 22. Qg6 Bf8 23. Rg1 exf3 24.
Rh7+ Nxh7 25. Qg8#) 20. Qg1 Kf8 21. Bxg7+ Ke7 22. exd5 e4 $6 (22... Rg8 $142)
23. Nxe4 Nxe4 24. Bxe4 Kd8 25. Qd4 $16 1/2-1/2

[Event "EU-ch 19th"]
[Site "Batumi"]
[Date "2018.03.25"]
[Round "8"]
[White "Sjugirov, Sanan"]
[Black "Navara, David"]
[Result "1/2-1/2"]
[WhiteElo "2652"]
[BlackElo "2737"]
[Annotator "Mekhitarian,K"]
[PlyCount "82"]
[EventDate "2018.03.17"]
[EventType "swiss"]
[EventRounds "11"]
[EventCountry "GEO"]
[SourceTitle "CBM 184"]
[Source "ChessBase"]
[SourceDate "2018.05.16"]
[SourceVersion "1"]
[SourceVersionDate "2018.05.16"]
[SourceQuality "1"]

1. e4 c5 2. Nf3 d6 3. d4 cxd4 4. Nxd4 Nf6 5. Nc3 a6 6. Be2 e6 7. Be3 Qc7 (7...
Be7 {would be more standard. Now White can try to play in similar fashion with
a quick f4, and possibly g4. For example:} 8. f4 O-O 9. g4 $36) 8. Qd2 b5 {
It is really nice to watch David Navara's games, it doesn't matter when they
go right or wrong. He is one of the few 2700+ players who accepts risks all
the time, no matter what. By doing that, he is able to beat the very best, but
also score wins against weaker players. In either case, it is very instructive
to see how he plays for a win and for the unbalanced position, no matter who
is sitting in front of him.} 9. f3 Bb7 $6 (9... Nbd7 $1 10. a3 (10. a4 $2 b4
11. Na2 d5 $1 $15 {This is the key. Now with the knight on d7, Black is able
to play ...d5, without having to deal with e5}) 10... h5 (10... Bb7 11. O-O-O
d5 12. exd5 Nxd5 13. Nxd5 Bxd5 14. Rhe1 Rc8 (14... Bd6 $11) 15. Kb1 Bc5 16. Bf4
Qb6 17. Nf5 O-O $13 {with unbalanced play, Black is doing fine here}) 11. O-O
Bb7 12. Rfd1 d5 13. exd5 Nxd5 14. Nxd5 Bxd5 15. Bf4 Bd6 16. Bxd6 Qxd6 {1/2-1/2
(29) Wei,Y (2740)-Ivanchuk,V (2732) Hoogeveen 2017. When Black achieved a
consistent position.}) 10. a4 $1 b4 11. Na2 d5 (11... e5 $5 {would have been
better} 12. Nb3 (12. Nf5 $5) 12... d5 13. Nxb4 dxe4 14. O-O Be7 $11 {1-0 (49)
Bologan,V (2700)-Jaracz,P (2530) Warsaw 2005; when Black is simply fine.}) 12.
e5 Nfd7 13. f4 Nc5 (13... a5 14. f5 $1 $40) 14. O-O Ne4 15. Qe1 Qb6 $2 {
Too slow, now Black is in real danger:} 16. a5 $1 Qxa5 17. Nc3 $5 (17. f5 $1 {
Black lost so many tempi in the opening, White must have a decisive attack by
now with f5!} Qb6 18. fxe6 fxe6 19. c3 {White is winning already. For example:}
bxc3 (19... Nd7 20. Nxb4 $18) 20. Nxc3 Nxc3 21. bxc3 $18 {followed by Rb1, and
there is no way Black survives.}) 17... Qb6 18. Nxe4 dxe4 19. Qg3 g6 $1 {
The position is bad for Black, but this is the best chance.} 20. f5 $1 Bc5 21.
fxe6 (21. c3 $5 gxf5 22. Rad1 {when Black has a hard time finding a safe
shelter for his king.}) 21... Bxd4 22. exf7+ Kf8 23. Bxd4 $2 (23. Bf2 $3 $16 {
a very hard move to understand. White wants to play a move like Qf4 or Qg5 and
does not want to allow the black queen to come over to the centre that easily,
already targetting e5 (after ...Nc6)} e3 (23... Bxf2+ 24. Rxf2 Nc6 25. Qf4 h6
26. Qf6 $18) (23... Nc6 24. Qf4 $1 Bxf2+ 25. Rxf2 Qc5 26. Qh6+ Ke7 27. Rd1 Qxe5
28. Bc4 Nd4 29. c3 bxc3 30. bxc3 e3 31. f8=Q+ Raxf8 32. Rxf8 Rxf8 33. Qxh7+ Ke8
34. Qxg6+ Kd8) 24. Be1 Nc6 {preparing ...Bxe5 as a defence} 25. e6 $44 {
The position remains very complex, White will play Rd1 next move, for example.}
) 23... Qxd4+ 24. Kh1 Nc6 25. e6 $2 (25. Ra5 $3 {is the computer
recommendation to find a draw. Very creative!} Nxa5 26. Qg5 {and apparently
Black can not escape from the draw:} h6 27. Qf6 Rh7 28. Qxg6 Rh8 29. Qf6 Rh7
30. Qg6 $11) (25. Qf4 Qxe5 {Black is fine here:} 26. Qh6+ Ke7 $15) 25... Qe5 $1
$17 {White is in trouble now.} 26. Qe3 Kg7 27. Rad1 {A practical decision.
Navara sacrifices the pawn to insert Qc5 into play in the next move.} (27. Bc4
{was somewhat sad, but White had to defend the e6-pawn somehow.} Rhf8 $17)
27... Qxe6 28. Qc5 Qe7 $2 (28... Rac8 $1 {and Black is simply winning. Next
move will be the natural ...Rhf8:} 29. Bc4 (29. Rd6 Qe7 $19) 29... Qe7 $1 {
the key} 30. Qxe7 Nxe7 31. Rd7 Kf8 $1 {now the c4-bishop is hanging.}) 29. Qxe7
Nxe7 30. Rd7 Bd5 31. Rxe7 Rhf8 32. Kg1 (32. Rd7 $1 Bc6 33. Rc7 Bd5 34. Rd7 $11)
32... Rac8 (32... a5 $5 $17 {In some endgames this a5-pawn may be very
dangerous for White.}) 33. c3 bxc3 34. bxc3 a5 35. Re5 Bxf7 36. Rxa5 Rxc3 37.
Ra7 {Equalising the position. Black remains a pawn up, but White has enough
compensation. What a tense game! I guess we could call it a fair result after
both sides achieving winning positions?} Kg8 38. Re7 e3 39. h4 Bb3 40. Re1 Rf4
41. h5 Rf7 1/2-1/2

[Event "Metz op 30th"]
[Site "Metz"]
[Date "2012.04.23"]
[Round "1"]
[White "Shanava, Konstantine"]
[Black "Donchenko, Anatoly G"]
[Result "1-0"]
[WhiteElo "2585"]
[BlackElo "2376"]
[Annotator "Metz Alekhine/Primel,D"]
[PlyCount "81"]
[EventDate "2012.04.14"]
[EventType "swiss"]
[EventRounds "9"]
[EventCountry "FRA"]
[SourceTitle "EXT 2013"]
[Source "ChessBase"]
[SourceDate "2012.11.22"]
[SourceVersion "1"]
[SourceVersionDate "2012.11.22"]
[SourceQuality "1"]

1. e4 c5 2. Nf3 d6 3. d4 cxd4 4. Nxd4 Nf6 5. Nc3 a6 6. Be2 e6 7. f4 Qc7 (7...
Be7) 8. O-O b5 {Une ligne secondaire risquée а cause du retard de
développement mais le MI l'utilise régulièrement} 9. Bd3 (9. Bf3 {[%cal Ge4e5]}
Bb7 10. e5 {Wolter,K (2270)-Donchenko,A (2457) Karl Mala Memorial op 06th 2002
(4) 0-1}) (9. Bf3 Bb7 10. a3 Nbd7 11. Qe1 Be7 12. Kh1 h5 13. Be3 Ng4 14. Bg1 g5
15. fxg5 Bxg5 16. e5 d5 17. Nxd5 Bxd5 18. Bxd5 exd5 19. e6 Nde5 20. exf7+ Kd7
21. Rd1 Qd6 22. h3 Raf8 23. Nf3 Be3 24. Nxe5+ Qxe5 25. Rf3 Rh7 26. c4 d4 27.
cxb5 axb5 28. Rxe3 Nxe3 29. Qxe3 Qxe3 30. Bxe3 Rhxf7 31. Rxd4+ Kc6 32. a4 bxa4
33. Rxa4 Re7 34. Ra6+ Kb5 35. Rb6+ Kc4 36. b3+ Kd3 37. Bc5 Re1+ 38. Kh2 Rg8 {
Timofeev,A (2671)-Kotsur,P (2563) Moscow 2009 1/2-1/2}) 9... Bb7 10. Qf3 $146 (
10. a3 Nbd7 11. Qe1 Be7 12. Kh1 O-O 13. Bd2 Rac8 14. Rd1 Nc5 15. b4 Nxd3 16.
cxd3 {1/2-1/2 (16) Kislik,E (2357)-Natsidis,C (2318) Budapest 2010}) 10... Nc6
11. Nb3 (11. Be3 Nb4) 11... Be7 12. Qh3 {[%csl Rh7]} (12. a3 {Plus passif mais
aussi peut-être plus souple pour ne pas laisser d'indication sur la future
destination de la Q Blanche et tenter ainsi les Noirs а jouer le oo} O-O 13.
Be3 Rac8 14. Rae1 Rfe8 15. Qh3 {[%cal Ge4e5]}) 12... h5 $1 {[%cal Gf6g4]} (
12... O-O 13. Be3 Rac8 14. a3 Rfe8 15. Rae1 Bf8 16. e5 $5 dxe5 17. f5 $44 {
[%cal Ge3g5]}) 13. Kh1 g6 14. Be3 Nb4 15. a3 {Trop tard mais les Blancs
peuvent maintenant jouer Rac1 menaçant Nd5} Nxd3 {Les Noirs ont le beurre et
l'argent du beurre} 16. cxd3 Ng4 $11 17. Bg1 Rc8 18. Nd4 (18. Rac1 {[%cal
Gc3d5,Gc1c7]}) 18... e5 $1 19. Nde2 Qd7 {[%cal Gd7h3]} 20. d4 exf4 (20... f5 {
[%cal Gb7h1] Risqué mais jouable} 21. fxe5 (21. exf5 Qxf5 22. fxe5 Nf2+) 21...
fxe4 22. e6 Qxe6 $13 {[%csl Re8,Rg6][%cal Ge4e3,Gg4f2,Ge6h3,Gb7h1]} 23. Rac1 (
23. d5 $1) 23... e3 24. Nf4 Nf2+ 25. Bxf2 Qxh3 26. Nxh3 exf2 27. Rxf2 Rf8 {
[%csl Gb7,Ge7]}) 21. Nxf4 Nf6 22. Qd3 O-O {Les deux camps ont des chances
réciproques avec le centre Blancs contrebalancé par la paire de B du MI} 23.
Rae1 Rfe8 24. d5 {[%csl Rb7,Rc6]} (24. e5 dxe5 25. Nxg6 Bxg2+ $1 26. Kxg2 Qg4+
27. Qg3 fxg6 28. dxe5 Qxg3+ 29. Kxg3 Ng4 30. h3 Nxe5 $1) 24... Ng4 {[%cal
Gg4e5]} 25. Nxg6 {Les Noirs n'ont plus la ressource tactique Bg2 mais le
sacrifice parait assez douteux} fxg6 26. e5 Bh4 $1 {[%cal Gd7h7]} 27. e6 Qh7
28. Rf7 Bxe1 $1 29. Rxh7 Kxh7 30. Ne4 Rc1 $2 (30... Bh4 31. h3 (31. Nxd6 $4 Rc1
) 31... Ne5 $17) 31. Qf1 Nf2+ $2 (31... Re7) 32. Bxf2 Bd2 33. Nf6+ Kh6 34. Qxc1
Bxc1 35. Nxe8 Bxd5 36. e7 Bc6 37. Nxd6 Bxb2 38. Bc5 a5 39. e8=Q Bxe8 40. Nxe8
Bc3 41. Nc7 1-0

[Event "October Revolution 60years"]
[Site "Leningrad"]
[Date "1977.07.01"]
[Round "6"]
[White "Beliavsky, Alexander G"]
[Black "Ribli, Zoltan"]
[Result "1-0"]
[WhiteElo "2555"]
[BlackElo "2595"]
[Annotator "Moiseev,V"]
[PlyCount "69"]
[EventDate "1977.06.25"]
[EventType "tourn"]
[EventRounds "17"]
[EventCountry "URS"]
[EventCategory "13"]
[SourceTitle "MCL"]
[Source "ChessBase"]
[SourceDate "1999.07.01"]
[SourceVersion "1"]
[SourceVersionDate "1999.07.01"]
[SourceQuality "1"]

1. e4 c5 2. Nf3 d6 3. d4 cxd4 4. Nxd4 Nf6 5. Nc3 a6 6. Be2 e6 7. f4 Be7 8. O-O
O-O 9. Kh1 Qc7 10. Qe1 (10. a4) 10... b5 11. Bf3 (11. e5 $6 dxe5 12. fxe5 Qxe5
13. Nb3 Qc7 14. Bf4 e5 15. Bf3 Nc6 $1 {N} 16. Bg5 Be6 $1 17. Qg3 Kh8 18. Bxc6
Qxc6 19. Qxe5 Bd6 $17 {Illescas Cordoba,M-Kasparov,G/Barcelona/1989/0:1 (86)
Inf 47/296/}) 11... Bb7 12. e5 dxe5 (12... Ne8 $5 13. f5 dxe5 14. fxe6 Bxf3 (
14... exd4 15. Nd5 $16) 15. exf7+ Rxf7 16. Nxf3 Nd7 17. Bg5 Bf8 18. Bh4 Nd6 19.
Rd1 h6 20. Bg3 Re8 $10 {Shulman,V-Ionov,S/URS/1986/ Inf 42/281/}) 13. fxe5 Nfd7
14. Qg3 (14. Bxb7 Qxb7 15. Qg3 Kh8 (15... Qc7 $6 16. Bf4 Kh8 17. Ne4 Nc6 18.
Nf3 $16 {Klovan,J-Pribyl,J/Magyrorszag/1970/1:0 (38) Inf 9/404/}) 16. Bf4 b4
17. Nce2 Nc6 18. Qf3 Rac8 19. Rad1 Nc5 $15 {Chiburdanidze,M-Gufeld,E/URS/1981/
0:1 (60) Inf 32/320/}) 14... Kh8 15. Bf4 Nb6 $2 (15... Nc6 $5 16. Nxc6 Bxc6 17.
Ne4 Rac8 18. c3 Qb7 19. Rae1 $13 {Kudrin,S-Sax,G/Hastings/1984/0,5/ (35)}) 16.
Ne4 N8d7 17. Bg5 $16 (17. Nf6 $6 Bxf3 18. Rxf3 Qc4 {Razuvaev,Y}) 17... Bxg5 18.
Nxg5 Bxf3 19. Rxf3 Kg8 (19... Qxe5 $2 20. Qh4 h6 21. Nxf7+ $18) (19... Nxe5 $2
20. Ngxe6 fxe6 21. Rxf8+ Rxf8 22. Nxe6 Qf7 23. Nxf8 Nc6 24. Qd6 $18) 20. Qh3 h6
21. Nxf7 $1 Qc4 (21... Rxf7 22. Rxf7 Qxe5 (22... Kxf7 23. Qxe6+ Kf8 24. Rf1+
Nf6 25. exf6 $18) 23. Nc6 Qd6 (23... Qxb2 24. Qxe6 Qxa1+ 25. Rf1+ $18) 24. Qf3
Nf6 25. Rb7 $18) 22. Qh5 $1 Nxe5 23. Nxh6+ $1 gxh6 24. Qxe5 Nd7 25. Qe4 (25.
Qxe6+ Qxe6 26. Nxe6 $18) 25... Kh8 26. Qh4 (26. Raf1 $4 Qxf1+ 27. Rxf1 Rxf1#)
26... Rxf3 27. Qxh6+ Kg8 28. Nxf3 Rf8 29. Qg6+ Kh8 30. Re1 Rf6 31. Qe8+ Nf8 32.
c3 Qxa2 33. Qe7 Rf5 34. Ne5 Kg8 35. Ng4 1-0

[Event "USA-ch U16"]
[Site "Saint Louis"]
[Date "2015.07.11"]
[Round "5"]
[White "Li, Ruifeng"]
[Black "Chandra, Akshat"]
[Result "1/2-1/2"]
[WhiteElo "2394"]
[BlackElo "2495"]
[Annotator "Molner,M"]
[PlyCount "95"]
[EventDate "2015.07.07"]
[EventType "tourn"]
[EventRounds "9"]
[EventCountry "USA"]
[EventCategory "6"]
[SourceTitle "CBM 167 Extra"]
[Source "ChessBase"]
[SourceDate "2015.09.14"]
[SourceVersion "1"]
[SourceVersionDate "2015.09.14"]
[SourceQuality "1"]
[WhiteClock "1:15:18"]
[BlackClock "0:24:05"]

1. e4 c5 2. Nf3 e6 {This already is a bit of a surprise. Earlier in the
tournament Chandra played the Najdorf against Yian Liou.} 3. d4 cxd4 4. Nxd4
Nc6 5. Nc3 Qc7 6. Be2 Nf6 7. Be3 a6 8. a3 Be7 9. f4 d6 10. g4 {It seems like
in every Sicilian White is playing g4. This is yet another game that shows why
it is so dangerous...} Nd7 11. g5 b5 12. Nxc6 $1 {A nice way to help
accelerate White's development} Qxc6 13. Qd4 O-O 14. O-O-O {Black is already
in a serious dilemma. White's fully developed and is ready to launch f4-f5.
It's clear that the opening has turned out strongly in White's favor.} Rb8 15.
f5 Ne5 16. f6 $1 {Li is playing perfect attacking chess. He is wasting no time,
playing forceful moves, trying to pry open his opponent's king at the cost of
a pawn.} gxf6 $2 {This is a very cooperative move. White's attack along the
g-file will be overwhelming} (16... Bd8 {This is not an appetizing move to
have to play but compared to the alternative, it is a massive improvement.
White will still have a clear advantage after the following} 17. fxg7 Kxg7 18.
Qxd6 Qxd6 19. Rxd6 {This is still relatively playable for Black, although
White is clearly better.}) 17. gxf6 Bxf6 {'??'} 18. Bh6 $2 (18. Rhg1+ $1 {
If Li had played this, the game would not have lasted much longer. The best
case scenario for Black is going into an endgame a full rook down after} Kh8
19. Bh6 Qc5 20. Qxc5 dxc5 21. Bxf8 Bb7 22. Bxc5) 18... Bh8 $1 {This is the
only move that keeps the game going. From this point on, Chandra defends
resourcefully despite being a significant time disadvantage.} 19. Bxf8 (19. h4
$1 {This idea looks very strong. White intends to play h4-h5 and follow up
with a check in the guarantee that will win material. It's hard to offer Black
a worthy defense.}) 19... Kxf8 20. Qd2 Ke7 21. Rhf1 Kd7 22. Qh6 Kc7 23. Qxh7
Bd7 24. Rd2 Qc5 25. Qh3 b4 {A good move. Black has another good alternative} (
25... a5 $5 {The threat of b4 is a major inconvenience to White. In spite of
White's material advantage, most players would prefer to play black here.
Unbelievably, it is now White's king that is in greater danger than Black's!})
26. Nb1 $2 Bg7 27. Kd1 bxa3 28. Qxa3 Bh6 29. Qxc5+ dxc5 30. b3 Bxd2 $6 {
This is the last chance for Black to fight for more than a draw. The remaining
moves don't need much explanation} (30... c4 $1 {White's rook has nowhere to
go and can be captured whenever Black deems it necessary. The b3 pawn is a
serious weakness. White will need to defend accurately to make a draw.}) 31.
Nxd2 Rh8 32. Nc4 Nxc4 33. Bxc4 f5 34. exf5 exf5 35. Bd3 Rxh2 36. Bxf5 Bxf5 37.
Rxf5 Kb6 38. Kc1 Rg2 39. Kb2 Rh2 40. Rf4 Rg2 41. Kc3 Rh2 42. Kd3 Rg2 43. Rf6+
Kb5 44. c4+ Ka5 45. Rc6 Rg3+ 46. Kc2 Rc3+ {A cute trick that brings the game
to an immediate end. Capturing the rook here or on the next turn results in an
immediate stalemate.} 47. Kb2 Rxb3+ 48. Kxb3 1/2-1/2